Dicionário de ciências económicas (Registo nº 6046)
[ vista simples ]
| 000 -Etiqueta do registo | |
|---|---|
| Valores | 01317cam a2200289 4500 |
| 010 ## - Número ISBN | |
| ISBN | 9724118940 |
| 021 ## - Número do Depósito Legal | |
| Número | 105741/96 |
| 100 ## - Dados gerais de processamento | |
| Dados gerais | 20211231d1997 m||y0pory5003 ba |
| 200 1# - Titulo e menção de responsabilidade | |
| Título próprio | Dicionário de ciências económicas |
| Primeira menção de responsabilidade | Alain Beitone, Christine Dollo, Jean-Pierre Guidoni, Alain Legardez |
| Outras menções de responsabilidade | trad. G. Cascais Franco |
| 210 #9 - Publicação | |
| Local de publicação | Porto |
| Nome do editor | Asa |
| Data de publicação | 1997 |
| 215 ## - Descrição física | |
| Paginação / Volumes | 335, [1] p. |
| Outras indicações físicas | il. |
| 225 2# - Colecção | |
| Título próprio da colecção | Dicionários Asa |
| 304 ## - Nota relativa ao título | |
| Texto de nota | Tít. orig.: Dictionnaire des sciences économiques |
| 330 ## - Sumário ou Resumo | |
| Texto da nota | Cerca de 1250 entradas, colocadas por ordem alfabética, com definições simples e essenciais dos principais conceitos económicos; mais de 20 artigos temáticos sobre as noções fundamentais e as problemáticas que aparecem nos debates contemporâneos; um reenvio sistemático para noções correlativas, a fim de permitir o aprofundamento de determinado tema; referências bibliográficas e conselhos de leitura. |
| 606 ## - Nome comum usado como assunto | |
| ID Autoridade | 811 |
| Palavra de ordem | Economia |
| 606 ## - Nome comum usado como assunto | |
| ID Autoridade | 812 |
| Palavra de ordem | Finanças |
| 675 ## - CDU | |
| Notação | 33(030) |
| Edição | BN |
| Língua | por |
| 700 ## - Autor principal (pessoa individual) | |
| ID Autoridade | 5740 |
| Apelido | Beitone |
| Nome | Alain |
| Datas | 1950-2019 |
| 701 ## - Co-autor principal (pessoa individual) | |
| Apelido | Dollo |
| Nome | Christine |
| ID Autoridade | 5743 |
| Datas | 1962- |
| 701 ## - Co-autor principal (pessoa individual) | |
| Apelido | Guidoni |
| Nome | Jean-Pierre |
| ID Autoridade | 5744 |
| 701 ## - Co-autor principal (pessoa individual) | |
| Apelido | Legardez |
| Nome | Alain |
| ID Autoridade | 5745 |
| 702 ## - Autor secundário (pessoa individual) | |
| Apelido | Franco |
| Nome | Cascais |
| ID Autoridade | 1367 |
| 801 #0 - Fonte de origem | |
| País | PT |
| Agência | BMVN |
| Regras de catalogação | RPC |
| 830 ## - Notas gerais do catalogador | |
| Criado por | Inês Silva |
| Data de criação | 31/12/2021 |
| 990 ## - Elementos KOHA | |
| Tipo de documento | Livro |
| Situação do levantamento | Biblioteca de origem | Localização na Estante | Código de barras | Cota | Permissão de empréstimo | Tipo de documento | Forma de aquisição |
|---|---|---|---|---|---|---|---|
| Biblioteca Municipal de Vendas Novas | EM DEPOSITO | 100000019644 | EF BEI/DIC | Livro |